Оценка социально-экономического ущерба от несчастных случаев на производстве; Безопасность жизнедеятельности; № 9

Dades bibliogràfiques
Parent link:Безопасность жизнедеятельности: научно-практический и учебно-методический журнал.— , 2001-
№ 9.— 2004.— С. 15-21
Autor principal: Дулясова М. В.
Idioma:rus
Publicat: 2004
Col·lecció:Безопасность труда
Matèries:
Format: MixedMaterials Capítol de llibre
KOHA link:https://koha.lib.tpu.ru/cgi-bin/koha/opac-detail.pl?biblionumber=394181

MARC

LEADER 00000naa2a2200000 4500
001 394181
005 20231101064457.0
035 |a (RuTPU)RU\TPU\prd\30771 
090 |a 394181 
100 |a 20041207a2004 k y0rusy50 ca 
101 0 |a rus 
102 |a RU 
200 1 |a Оценка социально-экономического ущерба от несчастных случаев на производстве  |f М. В. Дулясова 
225 1 |a Безопасность труда 
320 |a Библиогр.: 6 назв. 
461 1 |0 (RuTPU)RU\TPU\prd\1137  |t Безопасность жизнедеятельности  |o научно-практический и учебно-методический журнал  |d 2001- 
463 1 |0 (RuTPU)RU\TPU\prd\28900  |t № 9  |v С. 15-21  |d 2004 
610 1 |a социально-экономический ущерб 
610 1 |a несчастные случаи 
610 1 |a моральный ущерб 
610 1 |a социальный ущерб 
610 1 |a нефтехимическая отрасль 
610 1 |a производства 
610 1 |a травматизм 
610 1 |a компенсации 
675 |a 658.346  |v 3 
700 1 |a Дулясова  |b М. В. 
801 1 |a RU  |b 63413507  |c 20041207  |g PSBO 
942 |c BK